| 000 | 01923cam a2200481 a 4500 | ||
|---|---|---|---|
| 001 | data | ||
| 005 | 20260322212114.0 | ||
| 008 | data | ||
| 035 | _a17782503 | ||
| 906 |
_a7 _bcbc _corigres _d2 _eepcn _f20 _gy-gencatlg |
||
| 925 | 0 |
_aacquire _b1 shelf copy _xpolicy default |
|
| 010 |
_a 2013900879 _z 2013371399 |
||
| 020 | _a9780615708072 | ||
| 020 | _a0615708072 | ||
| 035 | _a(OCoLC)828768314 | ||
| 037 | _bQBI | ||
| 040 |
_aQBX _beng _cQBX _dDLC _dOCLCQ _dOCLCF _dDLC |
||
| 041 | 1 |
_aeng _hspa |
|
| 050 | 0 | 0 |
_aPZ76.3 _b.Q5 2012 |
| 082 | 0 | 4 |
_a[Fic] _223 |
| 100 | 1 |
_aQuiroga, Horacio, _d1878-1937. |
|
| 240 | 1 | 0 |
_aCuentos de la selva. _lEnglish |
| 245 | 1 | 0 |
_aJungle tales / _cHoracio Quiroga ; translated by Jeff Zorrilla ; illustrations by Bert Van Wijk. |
| 250 | _aEnglish language ed. | ||
| 260 |
_a[New York] : _bJungle Tales, _c[2012] |
||
| 300 |
_a87 pages : _bcolor illustrations ; _c24 cm |
||
| 336 |
_atext _btxt _2rdacontent |
||
| 337 |
_aunmediated _bn _2rdamedia |
||
| 338 |
_avolume _bnc _2rdacarrier |
||
| 505 | 0 | _aThe giant tortoise -- The flamingos' stockings -- The bald parrot -- The alligator war -- The blind doe -- The story of two coati cubs and two man cubs -- The Yabebiri ford -- The lazy bee. | |
| 520 | _aExplores the lives of animals in the jungles of northern Argentina. | ||
| 650 | 0 |
_aAnimals _vJuvenile fiction. |
|
| 650 | 1 |
_aAnimals _vFiction. |
|
| 650 | 7 |
_aAnimals. _2fast _0(OCoLC)fst00809468 |
|
| 655 | 7 |
_aFiction. _2fast _0(OCoLC)fst01423787 |
|
| 655 | 7 |
_aJuvenile works. _2fast _0(OCoLC)fst01411637 |
|
| 655 | 7 |
_aFiction. _2lcgft _0https://id.loc.gov/authorities/genreForms/gf2014026339 |
|
| 655 | 7 |
_aFiction. _2lcgft _0https://id.loc.gov/authorities/genreForms/gf2014026339 |
|
| 700 | 1 |
_aZorrilla, Jeff, _etranslator. |
|
| 700 | 1 |
_aVan Wijk, Bert, _eillustrator. |
|
| 999 |
_c1716 _d1716 |
||